Loading...
| Science - Other Science | 7 | 3 | 1 | 0 | 130 | 18 | 67.20 | 8 | 10 |
| Science - Physics | 1 | 5 | 1 | 0 | 60 | 71 | 104.17 | 3 | 6 |
| Science - Chemistry | 0 | 3 | 0 | 0 | 30 | 95 | 118.33 | 0 | 3 |
| Social Science | 1 | 1 | 0 | 0 | 25 | 42 | 91.00 | 1 | 2 |
| Religion | 0 | 2 | 1 | 0 | 15 | 94 | 110.00 | 1 | 2 |
| Geography | 1 | 0 | 0 | 0 | 15 | 89 | 89.00 | 1 | 1 |
| Philosophy | 0 | 1 | 0 | 0 | 10 | 134 | 134.00 | 0 | 1 |
| History - European History | 0 | 1 | 0 | 0 | 10 | 84 | 84.00 | 0 | 1 |
| Literature - British Literature | 0 | 1 | 0 | 0 | 10 | 115 | 115.00 | 0 | 1 |
| Mythology | 0 | 1 | 0 | 0 | 10 | 127 | 127.00 | 1 | 1 |
| Literature - World Literature | 0 | 0 | 0 | 0 | 0 | 0.00 | 0 | 0 | |
| Literature - American Literature | 0 | 0 | 0 | 0 | 0 | 0.00 | 0 | 0 | |
| Science - Biology | 0 | 0 | 1 | 0 | -5 | 0.00 | 0 | 0 | |
| Fine Arts - Visual Fine Arts | 0 | 0 | 2 | 0 | -10 | 0.00 | 0 | 0 |